Physical chemistry / (Record no. 12127)

MARC details
000 -LEADER
fixed length control field 01614cam a2200373 i 4500
001 - CONTROL NUMBER
control field 12953550
003 - CONTROL NUMBER IDENTIFIER
control field EG-ScBUE
005 - DATE AND TIME OF LATEST TRANSACTION
control field 20250727092159.0
008 - FIXED-LENGTH DATA ELEMENTS--GENERAL INFORMATION
fixed length control field 021001t1980 nyua f bd 001 0 eng d
020 ## - INTERNATIONAL STANDARD BOOK NUMBER
International Standard Book Number 0471058238 (volume 3)
020 ## - INTERNATIONAL STANDARD BOOK NUMBER
International Standard Book Number 0471058254 (volume 2)
020 ## - INTERNATIONAL STANDARD BOOK NUMBER
International Standard Book Number 0471058246 (volume1)
035 ## - SYSTEM CONTROL NUMBER
System control number (OCoLC)ocm48363672
040 ## - CATALOGING SOURCE
Original cataloging agency EG-ScBUE
Language of cataloging eng
Description conventions rda
Transcribing agency EG-ScBUE
Modifying agency EG-ScBUE
082 04 - DEWEY DECIMAL CLASSIFICATION NUMBER
Classification number 541.3
Item number BER
Edition number 22
100 1# - MAIN ENTRY--PERSONAL NAME
Personal name Berry, R. Stephen,
Dates associated with a name 1931-2020,
9 (RLIN) 7275
Relator term author.
245 10 - TITLE STATEMENT
Title Physical chemistry /
Statement of responsibility, etc R. Stephen Berry, The University of Chicago, Stuart A. Rice, The University of Chicago, John Ross, Massachusetts Institute of Technology, with the assistance of George P. Flynn, Massachusetts Institute of Technology, Joseph N. Kushick, Amherst College.
264 #1 - PUBLICATION, DISTRIBUTION, ETC. (IMPRINT)
Place of publication, distribution, etc New York :
Name of publisher, distributor, etc John Wiley & Sons,
Date of publication, distribution, etc [1980]
264 #4 - PUBLICATION, DISTRIBUTION, ETC. (IMPRINT)
Date of publication, distribution, etc c1980
300 ## - PHYSICAL DESCRIPTION
Extent 3 volumes :
Other physical details illustrations ;
Dimensions 29 cm.
336 ## - CONTENT TYPE
Source rdacontent
Content type term text
Content type code txt
337 ## - MEDIA TYPE
Media type term unmediated
Source rdamedia
Media type code n
338 ## - CARRIER TYPE
Carrier type term volume
Carrier type code nc
Source rdacarrier
490 0# - SERIES STATEMENT
Series statement Topics in physical chemistry
500 ## - GENERAL NOTE
General note Includes Appendices.<br/>
500 ## - GENERAL NOTE
General note Includes glossary.
504 ## - BIBLIOGRAPHY, ETC. NOTE
Bibliography, etc Includes bibliographical references and index.<br/>
505 0# - FORMATTED CONTENTS NOTE
Formatted contents note Volume 1. The structure of matter -- Volume 2. Matter in equilibrium : Statical mechanics and thermodynamics -- Volume 3. Physical and chemical kinetics.
650 #7 - SUBJECT ADDED ENTRY--TOPICAL TERM
Topical term or geographic name as entry element Chemistry, Physical and theoretical.
9 (RLIN) 7276
Source of heading or term BUEsh
655 ## - INDEX TERM--GENRE/FORM
Form subdivision Reading book
700 1# - ADDED ENTRY--PERSONAL NAME
Personal name Rice, Stuart Alan,
Dates associated with a name 1932-2024,
9 (RLIN) 7277
Relator term author.
700 1# - ADDED ENTRY--PERSONAL NAME
Personal name Ross, John,
Titles and other words associated with a name Sir,
Dates associated with a name 1777-1856,
9 (RLIN) 7278
Relator term author.
942 ## - ADDED ENTRY ELEMENTS (KOHA)
Source of classification or shelving scheme Dewey Decimal Classification
Koha item type Book - Borrowing
Holdings
Withdrawn status Lost status Source of classification or shelving scheme Damaged status Not for loan Collection code Home library Current library Shelving location Date acquired Source of acquisition Cost, normal purchase price Total Checkouts Full call number Barcode Date last seen Koha item type Public note Total Renewals Date checked out
    Dewey Decimal Classification     Alahram Central Library Central Library First floor 30/06/2009 Purchase 150.00   541.3 BER 000017191 15/07/2025 Book - Borrowing VOL. 3.    
    Dewey Decimal Classification       Central Library Central Library First floor 18/08/2015 Purchase   1 541.3 BER 000017192 15/07/2025 Book - Borrowing VOL. 2. 6 12/10/2019
    Dewey Decimal Classification       Central Library Central Library First floor 18/08/2015 Purchase     541.3 BER 000033312 15/07/2025 Book - Borrowing vol. 1.